00829cam a22002291a 4500001001300000003000400013005001700017008004100034010001700075035002000092040001800112050001700130100002000147245003500167260005700202300006100259505014600320651003500466651004800501700003300549999001700582sd 40000005 DLC20260227112733.0840216s1938 pe f 000 0 spa  asd 40000005  a(OCoLC)10422842 aDLCcDDOdDLC00aF3611.C9bC31 aCamacho, Fabio.10aCuzco /cautor: Fabio Camacho. a[Lima] :bEmpresa Publicitaria Expresión,c[1938?] a[18] p., [44] leaves of plates :bchiefly ill. ;c36 cm.2 aEl Cuzco precolombino; los templos y los conventos del Cuzco; palacios de la nobleza cuzqueña / por el dr. Luis E. Valcarcel (p. [9]-[18]). 0aCuzco (Peru)vPictorial works. 0aCuzco (Peru : Department)vPictorial works.1 aValcárcel, Luis E.,d1892- c89826d89826